Sports Quiz

Random Sports or Clickable Quiz

WWE 2015 Chain Game (2015 so far) Quiz Stats

 Plays Quiz not verified by Sporcle

Challenge
Share
Tweet
Embed
Score 0/22 Timer 10:00
0 Plays Today
% Correct
???
99.2%
???
76.5%
???
76.1%
???
75.5%
???
75.4%
???
75.2%
???
73.9%
???
73%
???
51.9%
???
51.8%
???
40.9%
% Correct
???
32.4%
???
32.1%
???
31.3%
???
30.6%
???
29.7%
???
29.6%
???
29%
???
28.5%
???
28.2%
???
27.9%
???
27.6%

You're not logged in!

Compare scores with friends on all Sporcle quizzes.
Join for Free
OR
Log In

You Might Also Like...

Show Comments

Extras

Top Quizzes Today


Score Distribution

Your Account Isn't Verified!

In order to create a playlist on Sporcle, you need to verify the email address you used during registration. Go to your Sporcle Settings to finish the process.

Report this User

Report this user for behavior that violates our Community Guidelines.

Details: